| 000 | 01141nam a22002657a 4500 | ||
|---|---|---|---|
| 999 |
_c20484 _d20484 |
||
| 005 | 20191011061549.0 | ||
| 008 | 191011b xxu||||| |||| 00| 0 spa d | ||
| 020 | _a9789585418387 | ||
| 040 |
_aCO-BoIAVH _cCO-BoIAVH |
||
| 041 | _aspa | ||
| 044 | _ack | ||
| 082 |
_a333.9514028 _bH55b |
||
| 100 | _aHernandez-Jaramillo, Alma | ||
| 245 |
_aBosque seco tropical: monitoreo comunitario de la biodiversidad _bcuenca arroyo grande |
||
| 260 |
_aBogotá: _bInstituto de Investigación de Recursos Biológicos Alexander von Humboldt; Programa de Las Naciones Unidas para el Desarrollo PNUD, Fondo Mundial para el Medio Ambiente, Ministerio de Ambiente y Desarrollo Sostenible. _c2018. |
||
| 300 |
_a40 páginas _bfotografías a color _c20 x 21 cm |
||
| 490 |
_aBosque seco tropical monitoreo comunitario _vcuenca arroyo grande |
||
| 650 | 0 | _aBosques secos tropicales | |
| 650 | 0 | _aConservación de la diversidad biológica | |
| 650 | 0 | _aEvaluación de los recursos | |
| 650 | 0 | _aComunidades locales | |
| 700 | _aGonzales Roy | ||
| 700 | 1 | _aVillegas-Vélez, Felipe | |
| 942 |
_2ddc _cLIBRO |
||